000 00670nam a22001577a 4500
005 20090729144038.0
008 090729t xxu||||| |||| 00| 0 eng d
080 _a517.982.4:514
_bMUR
100 _aMuraleedharan Nair, K.R.
_91352
245 _aSome characterization problems associated with the bivariate exponential and geometric distributions
300 _aii, 177p.
942 _cBK
260 _aCochin
_bDept. of Mathematics and Statistics
_c1990
_91078
500 _aThesis (Ph.D), University of Cochin, 1990 Guide: N.Unnikrishnan Nair
952 _w2009-07-29
_pG0004819
_r2009-07-29
_40
_00
_bUL
_10
_o517.982.4:514 MUR
_d2009-07-29
_70
_2udc
_yTH
_aUL
999 _c1970
_d1970